00255nam a22000977a 450000500170000000800410001702000150005804000080007324500400008126000360012120200923112654.0200923b ||||| |||| 00| 0 eng d a0199143285 cCML aMaterials and Mixtures.cDenley, P. aOxfordbOxford Universityc1990